000 00835nam a2200229 a 4500
001 000001756
005 20200929145704.0
008 090626s2002 sp ab 000 0 spa d
020 _a9788477371137
040 _aDO-SdBNP
_bspa
_cBNPHU
082 _a972
_bP944h
100 1 _aPérez López-Portillo, Raúl,
_d1947-
_95708
245 1 0 _aHistoria breve de México /
_cPérez López-Portillo, Raúl ; coordinación editorial Ángela Gutiérrez, Ramiro Domínguez ; corrección Olivia Pérez.
260 _aMadrid :
_bSílex,
_c2002.
300 _a320 p. :
_bil. , map. ;
_c24 cm.
504 _aBibliografía : p. 313-320
651 4 _aMéxico
_xCivilización
_95709
651 4 _aMéxico
_xHistoria
_95710
700 1 _aGutiérrez, Ángela,
_eed.
_92119
700 1 _aDomínguez, Ramiro,
_eed.
_95711
700 1 _aPérez, Olivia,
_ecorr.
_92121
999 _c1633
_d1633